International education : (Record no. 49641)
| 000 -LEADER | |
|---|---|
| fixed length control field | 00545 am a2200157ua 4500 |
| 001 - CONTROL NUMBER | |
| control field | 010098960 |
| 020 ## - INTERNATIONAL STANDARD BOOK NUMBER | |
| International Standard Book Number | 0749436166 (pbk.) : |
| 245 00 - TITLE STATEMENT | |
| Title | International education : |
| Remainder of title | principles and practice / |
| Statement of responsibility, etc | edited by Mary Hayden and Jeff Thompson. |
| 260 ## - PUBLICATION, DISTRIBUTION, ETC. (IMPRINT) | |
| Place of publication, distribution, etc | London : |
| Name of publisher, distributor, etc | Kogan Page, |
| Date of publication, distribution, etc | 1998 |
| Date of manufacture | (2001 [printing]) |
| 300 ## - PHYSICAL DESCRIPTION | |
| Extent | xxii, 298 p. : |
| Other physical details | ill. ; |
| Dimensions | 24 cm. |
| 504 ## - BIBLIOGRAPHY, ETC. NOTE | |
| Bibliography, etc | Includes bibliographical references and index. |
| 650 #0 - SUBJECT ADDED ENTRY--TOPICAL TERM | |
| Topical term or geographic name as entry element | International education. |
| 9 (RLIN) | 86762 |
| 700 1# - ADDED ENTRY--PERSONAL NAME | |
| Personal name | Hayden, Mary. |
| 9 (RLIN) | 86763 |
| 700 1# - ADDED ENTRY--PERSONAL NAME | |
| Personal name | Thompson, Jeff. |
| 9 (RLIN) | 86764 |
| 942 ## - ADDED ENTRY ELEMENTS (KOHA) | |
| Source of classification or shelving scheme | |
| Koha item type | Teacher's Resources |
| Withdrawn status | Lost status | Source of classification or shelving scheme | Damaged status | Not for loan | Collection code | Home library | Current library | Shelving location | Date acquired | Full call number | Barcode | Date last seen | Price effective from | Koha item type |
|---|---|---|---|---|---|---|---|---|---|---|---|---|---|---|
| TEACHERS' RESOURCES | Asian Hope Secondary Library | Asian Hope Secondary Library | SECONDARY | 10/10/2025 | 370.116 HAY | 208328 | 10/10/2025 | 10/10/2025 | Teacher's Resources |